000 00463nam a22001931a 4500
001 807
003 OSt
005 20260204211709.0
008 040114s1995||||dr ||||||b||||||||||spa||
050 _aRD 581 H396a
082 _aRD 581 H396a
100 _aHenri Liogier, Alain
245 _aArboles dominicanos / Alain Henri Liogier
250 _a2
264 _aSanto Domingo : Soto Castillo
300 _a220 p.
650 _a1.Botánica IÌ
942 _2ddc
_cBK
999 _c807
_d807